000 01211nam a2200325 i 4500
003 EG-GICUC
005 20260121101240.0
008 251118b1975 ua ||||f |||| 00| 0 ara d
040 _a EG-GICUC
_c EG-GICUC
_d EG-GICUC
_erda
_bara
041 _aara
082 0 4 _221
_a345.25
_bص ب . إ
092 0 4 _221
099 _aLaw1 07 345.25 ص ب . إ 1975
100 0 _aصبحي محرم
_eمؤلف.
245 _aإدارة المرافق العامة المحلية /
_cإعداد صبحي محرم.
264 _aالقاهرة :
_bجامعة الدول العربية-المنظمة العربية للعلوم الإدارية، مركز البحوث الإدارية،
_c1975.
300 _a125 صفحة ؛
_c24 سم.
336 _2rda content
_atext
337 _2rda media
_aComputer
338 _2rda carrier
_aOnline Resource
490 _v181
546 _aالنص باللغة العربية
650 1 _2qrmak
_aالإدارة المحلية
650 1 _2qrmak
_aالقانون الإداري
650 1 _2qrmak
_aالمرافق العامة
651 1 _2qrmak
856 4 0 _uhttps://fll.law.cu.edu.eg/fulltext/bks/B07-00111.pdf
905 _aWesam Mahmoud
942 _2ddc
_n0
_cBK
_e21
999 _c44257
_d44257